000 00857nam a22002537a 4500
005 20240209093119.0
008 240207b |||||||| |||| 00| 0 eng d
020 _a0521533449
_cRs.5640.00
040 _aLoreto College
041 _aEnglish
082 _a370.15
_bGAL
245 _aGender differences in Mathematics
_bAn integrative psychological approach
_cEdited by Ann M.Gallagher and James C.Kaufman
260 _aCambridge
_bCambridge University Press
_c2005
300 _axvi,351p
_b22cm
500 _aU.G.C - M.R.P 2017-19(Dr.Ranjita Dawn)
504 _aIncludes index
650 _aMathematical ability-Sex differences
650 _aMathematics-Study and teaching-Psychological aspects
650 _aSex differences in education
700 _4ed.
_aGallagher,Ann M.
700 _4ed.
_aKaufman,James C.
850 _aLCLIB
942 _cBK
999 _c43641
_d94120